| 000 | 00506nam a2200169 a 4500 | ||
|---|---|---|---|
| 005 | 20240924064149.0 | ||
| 008 | 991125s1984 mx 000 0 spa u | ||
| 035 | _aUPN01000039061 | ||
| 049 | _aCG | ||
| 050 | 4 |
_aLA422 _bM49 |
|
| 245 | 0 | 0 |
_aMéxico : _bdocumento nacional. |
| 260 |
_aMéxico : _bComité Nacional de Enlace del Proyecto Principal de Educación para América Latina y El Caribe, _c1984. |
||
| 300 | _a213 h. | ||
| 500 | _aFotocopia | ||
| 650 | 4 |
_aEducación _zMéxico _95405 |
|
| 905 | _aLibro | ||
| 999 |
_c39061 _d39061 |
||